| 000 | 003590000a22001450004500 | ||
|---|---|---|---|
| 003 | MACL | ||
| 040 | _aMACL | ||
| 090 |
_c3397 _d3397 |
||
| 100 | _aVashishth, C.P, | ||
| 245 | _aLibrary Movement and Library Devolopment in India | ||
| 260 |
_bIndian Library Association _c1994 |
||
| 350 | _a400 | ||
| 650 | _aLibrary And Information Science | ||
| 942 |
_cBOOK _k020 |
||
| 999 |
_c3375 _d3375 |
||